000 00913nas a2200301 4500
001 BR9904828
003 BR-BrBNA
005 20231205101608.0
007 ta
008 230509b bl.|||p| |||| 00| 00por d
040 _aBR-BrBNA
_bpor
_cBiblioteca Nacional de Agricultura
041 _a(Pt)
072 _aF04
100 1 _aAndrade, W.E. de B.
100 1 _aAmorim Neto, S.
245 1 _aResposta da cultura do arroz irrigado a adubacao nitrogenada na Regiao Noroeste Fluminense
650 _aArroz
650 _aNitrogenio
650 _aResposta da Planta
650 _aFertilizante Nitrogenado
650 _aGrao
650 _aRendimento
650 _aPropriedade Fisico-Quimica
650 _aRio de Janeiro
773 0 _tCiencia e Agrotecnologia (Brazil)
_xISSN 1413-7054
_g(Oct-Dec 1997), v. 21(4) p. 469-476
_wBR9904828
909 _a202311
_bLúcia
_c55
_dLúcia Elande
942 _2AGRIS
_n0
_cANA
999 _c162753
_d162753